| 000 | 00401nam a2200145Ia 4500 | ||
|---|---|---|---|
| 008 | 240624s9999 xx 000 0 und d | ||
| 041 | _aeng | ||
| 082 | _a332.1 LIP | ||
| 100 | _aLIPSCOMBE GEOFFREY | ||
| 245 | _aBUSINESS OF BANKING AN INTRODUCTION TO T | ||
| 250 | _a(4th ed.) | ||
| 260 |
_c2002 _aUnited Kingdom _bFinancial World Publishing |
||
| 300 | _ax, : 272 : p. : cm. ; 20 | ||
| 365 |
_cRS _b25 |
||
| 999 |
_c23544 _d23544 |
||